000
00324nam a2200145Ia 4500
005
20250423100427.0
008
250422s9999 xx 000 0 und d
020
_a
1-85326-239-0
100
_a
Woolf Virginia
245
0
_a
Orlando
260
_b
Wordsworth Editions Ltd
260
_c
2003
300
_a
166 p
942
_c
BK
999
_c
33269
_d
33269